Suleiman the Magnificent: scourge of Heaven (Record no. 606789)
[ view plain ]
| 000 -LEADER | |
|---|---|
| fixed length control field | 00387nam a22001457a 4500 |
| 020 ## - INTERNATIONAL STANDARD BOOK NUMBER | |
| International Standard Book Number | 0246116153 |
| 082 ## - DEWEY DECIMAL CLASSIFICATION NUMBER | |
| Classification number | 956.101 |
| Author Mark | BRI |
| 100 ## - MAIN ENTRY--PERSONAL NAME | |
| Personal name | Bridge, Antony; |
| 245 ## - TITLE STATEMENT | |
| Title | Suleiman the Magnificent: scourge of Heaven |
| Statement of responsibility, etc. | Antony Bridge, |
| 260 ## - PUBLICATION, DISTRIBUTION, ETC. | |
| Place of publication, distribution, etc. | New York: |
| Name of publisher, distributor, etc. | GRANADA publishing; |
| Date of publication, distribution, etc. | 1983. |
| 300 ## - PHYSICAL DESCRIPTION | |
| Extent | 220p. |
| 563 ## - BINDING INFORMATION | |
| Binding note | HB |
| 650 ## - SUBJECT ADDED ENTRY--TOPICAL TERM | |
| Topical term or geographic name entry element | Turkey |
| -- | Sultans |
| 942 ## - ADDED ENTRY ELEMENTS (KOHA) | |
| Source of classification or shelving scheme | |
| Koha item type | Book |
| 650 ## - SUBJECT ADDED ENTRY--TOPICAL TERM | |
| -- | 118594 |
| Withdrawn status | Lost status | Source of classification or shelving scheme | Materials specified (bound volume or other part) | Damaged status | Not for loan | Permanent Location | Current Location | Shelving location | Date acquired | Source of acquisition | Total Checkouts | Full call number | Barcode | Date last seen | Price effective from | Koha item type |
|---|---|---|---|---|---|---|---|---|---|---|---|---|---|---|---|---|
| Donation | Central Library (CL) | Central Library (CL) | General Stacks | 11/05/2023 | Donation | 956.101 BRI | CL-D-2520 | 11/05/2023 | 11/05/2023 | Book |
